[Event "Aragon-chT"]
[Site "Spain"]
[Date "2004.03.06"]
[Round "6.3"]
[White "Gomez Anadon, Daniel"]
[Black "Sanmartin Agustin, Borja"]
[Result "1/2-1/2"]
[WhiteElo "2261"]
[BlackElo "2032"]
[PlyCount "99"]
[EventDate "2004.01.??"]
[EventType "team"]
[EventRounds "11"]
[EventCountry "ESP"]
[SourceTitle "EXT 2006"]
[Source "ChessBase"]
[SourceDate "2005.11.24"]
[SourceVersion "1"]
[SourceVersionDate "2005.11.24"]
[SourceQuality "1"]

1. e4 c5 2. Nf3 d6 3. d4 cxd4 4. Nxd4 Nf6 5. Nc3 e6 6. g4 h6 7. Be2 a6 8. f4 d5 9. e5 Nfd7 10. 0-0 Bc5 11. Be3 Nc6 12. Qd2 Nxd4 13. Bxd4 Qb6 14. Bxc5 Qxc5+ 15. Kg2 b5 16. Bf3 Bb7 17. Ne2 Nb6 18. b3 Rc8 19. Nd4 Qc3 20. Qf2 Nd7 21. Rad1 Nc5 22. Kg1 Ne4 23. Bxe4 dxe4 24. Rfe1 Rd8 25. Qe3 Qxe3+ 26. Rxe3 g5 27. f5 0-0 28. b4 exf5 29. gxf5 Rfe8 30. e6 fxe6 31. fxe6 Rxe6 32. Nxe6 Rxd1+ 33. Kf2 Rd2+ 34. Re2 Rxe2+ 35. Kxe2 Bd5 36. Nc5 Kf7 37. Nxa6 Bxa2 38. Nc7 Kg6 39. Ke3 Bb1 40. Nxb5 Bxc2 41. Nd6 Kh5 42. b5 Ba4 43. b6 Bc6 44. Nxe4 Kh4 45. Nf2 h5 46. Ke2 g4 47. Kf1 g3 48. hxg3+ Kxg3 49. Kg1 Bb7 50. Nh1+ 1/2-1/2

[Event "Aragon-chT"]
[Site "Spain"]
[Date "2004.02.07"]
[Round "?"]
[White "Gil Pineiro, David"]
[Black "Sanmartin Agustin, Borja"]
[Result "0-1"]
[WhiteElo "1953"]
[BlackElo "2032"]
[PlyCount "88"]
[EventDate "2004.01.??"]
[EventType "team"]
[EventRounds "11"]
[EventCountry "ESP"]
[SourceTitle "EXT 2006"]
[Source "ChessBase"]
[SourceDate "2005.11.24"]
[SourceVersion "1"]
[SourceVersionDate "2005.11.24"]
[SourceQuality "1"]

1. d4 Nf6 2. c4 c5 3. d5 e6 4. Nc3 exd5 5. cxd5 d6 6. e4 g6 7. Bg5 Bg7 8. Qd2 a6 9. a4 0-0 10. f3 Qc7 11. Nge2 Nbd7 12. Ng3 Rb8 13. Be2 c4 14. Rb1 b5 15. axb5 axb5 16. b4 cxb3 17. Rxb3 b4 18. Nb5 Qb6 19. Be3 Nc5 20. Rxb4 Ba6 21. 0-0 Bxb5 22. Rxb5 Qc7 23. Rfb1 Nfd7 24. Bd4 Rxb5 25. Rxb5 Rb8 26. Bxg7 Kxg7 27. Qb2+ Kg8 28. h4 Rxb5 29. Qxb5 Qd8 30. h5 Qg5 31. Kf2 Qf4 32. hxg6 hxg6 33. Nf1 Nxe4+ 34. Kg1 Nec5 35. Qc6 Nf6 36. Qc8+ Kg7 37. Qd8 Nxd5 38. g3 Qd4+ 39. Kg2 Nc3 40. Qe7 Ne6 41. Ba6 Nd1 42. Nh2 Qf2+ 43. Kh3 Ne3 44. Ng4 Qg2+ 0-1

[Event "Aragon Once op 1st"]
[Site "Zaragoza"]
[Date "2003.09.23"]
[Round "4.8"]
[White "Sanmartin Agustin, Borja"]
[Black "Roche Simon, Manuel Angel"]
[Result "0-1"]
[WhiteElo "2073"]
[BlackElo "2169"]
[PlyCount "50"]
[EventDate "2003.09.20"]
[EventType "swiss"]
[EventRounds "8"]
[EventCountry "ESP"]
[SourceTitle "EXT 2004"]
[Source "ChessBase"]
[SourceDate "2003.11.25"]
[SourceVersion "1"]
[SourceVersionDate "2003.11.25"]
[SourceQuality "1"]

1. e4 c5 2. Nf3 e6 3. d4 cxd4 4. Nxd4 a6 5. Nc3 Qc7 6. Bd2 b5 7. a3 Bb7 8. Bd3 Nc6 9. Nxc6 dxc6 10. 0-0 Nf6 11. Bg5 Be7 12. f4 h6 13. Bxf6 gxf6 14. Qh5 Bd6 15. e5 Bc5+ 16. Kh1 f5 17. Ne2 0-0-0 18. b4 Bb6 19. a4 Qe7 20. Rfb1 Kb8 21. Rb3 Rhg8 22. Ng3 Rd4 23. Bxf5 Rxf4 24. Be4 Rh4 25. Qf3 Rxh2+ 0-1

[Event "Aragon Once op 1st"]
[Site "Zaragoza"]
[Date "2003.09.21"]
[Round "2.5"]
[White "Sanmartin Agustin, Borja"]
[Black "Gomez Anadon, Daniel"]
[Result "0-1"]
[WhiteElo "2073"]
[BlackElo "2273"]
[PlyCount "54"]
[EventDate "2003.09.20"]
[EventType "swiss"]
[EventRounds "8"]
[EventCountry "ESP"]
[SourceTitle "EXT 2004"]
[Source "ChessBase"]
[SourceDate "2003.11.25"]
[SourceVersion "1"]
[SourceVersionDate "2003.11.25"]
[SourceQuality "1"]

1. e4 c5 2. Nf3 d6 3. d4 Nf6 4. Nc3 cxd4 5. Qxd4 Nc6 6. Bb5 Bd7 7. Bxc6 Bxc6 8. Bg5 e6 9. 0-0-0 Be7 10. Rhe1 0-0 11. e5 dxe5 12. Qh4 Qc7 13. Nxe5 Rac8 14. Rd3 Nd5 15. Bxe7 Nxe7 16. Rh3 h6 17. Nxc6 Nxc6 18. g4 Qf4+ 19. Kb1 Nd4 20. Qg3 Qd2 21. Rc1 Ne2 22. Nxe2 Qxe2 23. Qh4 Rfd8 24. a3 Rd1 25. Rxd1 Qxd1+ 26. Ka2 Rxc2 27. Qe7 Rc1 0-1

[Event "Ibercaja op 14th"]
[Site "Zaragoza"]
[Date "2003.04.27"]
[Round "9.8"]
[White "Sanmartin Agustin, Borja"]
[Black "Baron Rodriguez, Jorge"]
[Result "0-1"]
[WhiteElo "2066"]
[BlackElo "2345"]
[PlyCount "54"]
[EventDate "2003.04.20"]
[EventType "swiss"]
[EventRounds "9"]
[EventCountry "ESP"]
[SourceTitle "EXT 2004"]
[Source "ChessBase"]
[SourceDate "2003.11.25"]
[SourceVersion "1"]
[SourceVersionDate "2003.11.25"]
[SourceQuality "1"]

1. e4 c5 2. Nf3 d6 3. d4 Nf6 4. Nc3 cxd4 5. Qxd4 Nc6 6. Bb5 Bd7 7. Bxc6 Bxc6 8. Bg5 e6 9. 0-0-0 Be7 10. Rhe1 0-0 11. e5 dxe5 12. Qh4 Qc7 13. Nxe5 Rac8 14. Ng4 Nd5 15. Rxd5 f6 16. Nxf6+ Bxf6 17. Rd3 Bxg5+ 18. Qxg5 Rxf2 19. Rxe6 Qxh2 20. Rg3 Qg1+ 21. Nd1 Rxc2+ 22. Kxc2 Ba4+ 23. Kd2 Rc2+ 24. Kd3 Qxd1+ 25. Ke4 Rc4+ 26. Ke3 Qd4+ 27. Ke2 Rc2+ 0-1

[Event "Aragon-chT"]
[Site "Aragon"]
[Date "2003.01.25"]
[Round "1"]
[White "Vidal Lanau, Benjamin"]
[Black "Sanmartin Agustin, Borja"]
[Result "1/2-1/2"]
[WhiteElo "1993"]
[BlackElo "2043"]
[PlyCount "66"]
[EventDate "2003.02.??"]
[EventType "team"]
[EventRounds "9"]
[EventCountry "ESP"]
[SourceTitle "EXT 2004"]
[Source "ChessBase"]
[SourceDate "2003.11.25"]
[SourceVersion "1"]
[SourceVersionDate "2003.11.25"]
[SourceQuality "1"]

1. e4 c5 2. Nf3 d6 3. d4 cxd4 4. Nxd4 Nf6 5. Nc3 e6 6. g4 h6 7. h4 e5 8. Bb5+ Nbd7 9. Nf5 a6 10. Bxd7+ Qxd7 11. Rg1 Qc6 12. Qf3 Be6 13. g5 hxg5 14. hxg5 Nd7 15. Be3 0-0-0 16. 0-0-0 Kb8 17. Rd2 Nb6 18. Bxb6 Qxb6 19. Rgd1 g6 20. Ne3 Qa5 21. Ned5 Rc8 22. Qe3 Rh3 23. Qb6 Qxb6 24. Nxb6 Rc6 25. Nbd5 Rh4 26. Rg1 Bxd5 27. Nxd5 Kc8 28. Rd3 Kd7 29. Rf3 Ke8 30. Nf6+ Kd8 31. Nd5 Ke8 32. Nf6+ Kd8 33. Nd5 Ke8 1/2-1/2

[Event "Aragon op"]
[Site "Aragon"]
[Date "2002.??.??"]
[Round "?"]
[White "Sanmartin Agustin, Borja"]
[Black "Alcon Herrero, Javier"]
[Result "1-0"]
[WhiteElo "2043"]
[BlackElo "2073"]
[PlyCount "37"]
[EventDate "2002.??.??"]
[EventType "swiss"]
[EventRounds "9"]
[EventCountry "ESP"]
[SourceTitle "EXT 2007"]
[Source "ChessBase"]
[SourceDate "2006.11.23"]
[SourceVersion "1"]
[SourceVersionDate "2006.11.23"]
[SourceQuality "1"]

1. e4 c5 2. Nf3 d6 3. d4 cxd4 4. Qxd4 Nc6 5. Bb5 Bd7 6. Bxc6 Bxc6 7. Nc3 Nf6 8. Bg5 e6 9. 0-0-0 Be7 10. Rhe1 Qa5 11. Bxf6 Bxf6 12. e5 Bxf3 13. exf6 Bxd1 14. Qxd6 Qg5+ 15. f4 Qxf6 16. Nd5 Qd8 17. Nc7+ Qxc7 18. Qxc7 Bh5 19. Qe5 1-0

[Event "Aragon op"]
[Site "Aragon"]
[Date "2002.??.??"]
[Round "?"]
[White "Sanmartin Agustin, Borja"]
[Black "Trigo Conde, Isaac"]
[Result "1-0"]
[WhiteElo "2043"]
[BlackElo "2174"]
[PlyCount "65"]
[EventDate "2002.??.??"]
[EventType "swiss"]
[EventRounds "9"]
[EventCountry "ESP"]
[SourceTitle "EXT 2007"]
[Source "ChessBase"]
[SourceDate "2006.11.23"]
[SourceVersion "1"]
[SourceVersionDate "2006.11.23"]
[SourceQuality "1"]

1. e4 c5 2. Nf3 d6 3. d4 cxd4 4. Qxd4 Nc6 5. Bb5 Bd7 6. Bxc6 Bxc6 7. Nc3 Nf6 8. Bg5 e6 9. 0-0-0 Be7 10. Rhe1 0-0 11. e5 dxe5 12. Qh4 Qc7 13. Nxe5 Rac8 14. Ng4 Nd5 15. Rxd5 Bxd5 16. Bxe7 f5 17. Bxf8 fxg4 18. Ba3 b5 19. Qxg4 a5 20. Re2 Bc4 21. Nxb5 Bxb5 22. Qxe6+ Kh8 23. Rd2 Re8 24. Qd6 Qc4 25. b3 Qf1+ 26. Kb2 Qxg2 27. c4 Bc6 28. Bc5 Qh1 29. Bd4 a4 30. Bc3 Ra8 31. a3 axb3 32. Qd8+ Be8 33. Qe7 1-0

[Event "Aragon-ch Absoluto"]
[Site "Zaragoza"]
[Date "2001.11.03"]
[Round "4"]
[White "Gomez Anadon, Daniel"]
[Black "Sanmartin Agustin, Borja"]
[Result "1-0"]
[WhiteElo "2145"]
[BlackElo "2063"]
[PlyCount "49"]
[EventDate "2001.10.20"]
[EventType "swiss"]
[EventRounds "9"]
[EventCountry "ESP"]
[SourceTitle "EXT 2003"]
[Source "ChessBase"]
[SourceDate "2002.11.25"]
[SourceVersion "1"]
[SourceVersionDate "2002.11.25"]
[SourceQuality "1"]

1. d4 Nf6 2. Bg5 g6 3. Bxf6 exf6 4. e3 Bg7 5. c4 d6 6. Nc3 0-0 7. g3 Nd7 8. Nge2 c6 9. Bg2 Nb6 10. b3 f5 11. 0-0 d5 12. cxd5 Nxd5 13. Nxd5 cxd5 14. Nf4 Be6 15. Rc1 b6 16. b4 Qd7 17. Qb3 Rfd8 18. b5 Bh6 19. Nd3 f6 20. Rc6 Rab8 21. Rfc1 Rb7 22. Nb4 Bf8 23. Na6 Qe7 24. Nc7 Bf7 25. Nxd5 1-0